00469 2200169 4500245006200000020002200062250001000084100001600094650002600110005001900136260002700155041001400182084001100196500003000207490005300237336000900290 aCara Beribadah Menurut Islam Volume 04cSYARIF ALWIhText a978-602-8593-00-7 aCet.1 aSYARIF ALWI aBeribadah dalam Islam a20240823092458 aJakartabKALAM PUBLIKA aIndonesia a297.41 aDaftar Isi : Puasa, Zakat aEnsiklopedia CARA BERIBADAH MENURUT ISLAM VOL.04 atext